Синтез и свойства обменных форм цеолита типа Y; Химия и химическая технология в XXI веке

Détails bibliographiques
Parent link:Химия и химическая технология в XXI веке.— 2018.— [С. 156-157]
Auteur principal: Хасанов Д. К.
Collectivités auteurs: Уфимский государственный нефтяной технический университет (УГНТУ), Российская академия наук (РАН) Институт нефтехимии и катализа (ИНК)
Autres auteurs: Павлова И. Н. (научный руководитель)
Résumé:Заглавие с экрана
Langue:russe
Publié: 2018
Collection:Химия и химическая технология неорганических веществ и материалов
Sujets:
Accès en ligne:http://earchive.tpu.ru/handle/11683/49635
Format: Électronique Chapitre de livre
KOHA link:https://koha.lib.tpu.ru/cgi-bin/koha/opac-detail.pl?biblionumber=626804

MARC

LEADER 00000naa2a2200000 4500
001 626804
005 20231101133429.0
035 |a (RuTPU)RU\TPU\conf\26431 
035 |a RU\TPU\conf\26430 
090 |a 626804 
100 |a 20180802d2018 k y0rusy50 ca 
101 0 |a rus 
102 |a RU 
105 |a y z 101zy 
135 |a drgn ---uucaa 
181 0 |a i  
182 0 |a b 
200 1 |a Синтез и свойства обменных форм цеолита типа Y  |f Д. К. Хасанов  |g науч. рук. И. Н. Павлова 
203 |a Текст  |c электронный 
225 1 |a Химия и химическая технология неорганических веществ и материалов 
230 |a 1 компьютерный файл (pdf; 663 Kb) 
300 |a Заглавие с экрана 
320 |a [Библиогр.: с. 157 (4 назв.)] 
463 0 |0 (RuTPU)RU\TPU\conf\26227  |t Химия и химическая технология в XXI веке  |o материалы XIX Международной научно-практической конференции студентов и молодых ученых имени профессора Л. П. Кулёва, 21-24 мая 2018 г., г. Томск  |f Национальный исследовательский Томский политехнический университет  |v [С. 156-157]  |d 2018 
610 1 |a электронный ресурс 
610 1 |a синтез 
610 1 |a свойства 
610 1 |a цеолиты 
610 1 |a адсорбенты 
610 1 |a кристалличность 
610 1 |a ионный обмен 
700 1 |a Хасанов  |b Д. К. 
702 1 |a Павлова  |b И. Н.  |4 727 
712 0 2 |a Уфимский государственный нефтяной технический университет (УГНТУ)  |c (1993- )  |2 stltpush  |3 (RuTPU)RU\TPU\col\42 
712 0 2 |a Российская академия наук (РАН)  |b Институт нефтехимии и катализа (ИНК)  |c (Уфа)  |2 stltpush  |3 (RuTPU)RU\TPU\col\20431 
801 2 |a RU  |b 63413507  |c 20180821  |g RCR 
856 4 |u http://earchive.tpu.ru/handle/11683/49635 
942 |c BK